Find the Real Superheroes Quiz Stats

 Plays Quiz Updated May 19, 2018

Score 0/26 Timer 03:00
16 Plays Today
% Correct
Professor X
91.4%
Human Torch
88.7%
Vision
78.3%
Martian Manhunter
73.8%
Doctor Fate
67%
Demolition Man
63%
Elongated Man
62%
Longshot
59.2%
Negasonic Teenage Warhead
59.1%
Dazzler
58.6%
Photon
57.3%
Doctor Light
57.2%
U.S. Agent
55.5%
% Correct
Moondragon
55.2%
Mister Miracle
54.4%
Animal Man
54.3%
Doctor Nemesis
54.3%
Amazing Man
53.8%
Deadman
53.3%
Swordsman
52.9%
The Whizzer
50.8%
Two-Gun Kid
48.6%
Living Lightning
45.7%
Boom-Boom
44.1%
Big Barda
42%
Captain Koala
33%

You're not logged in!

Compare scores with friends on all Sporcle quizzes.
OR
Log In

Sporcle TV

Today on Sporcle TV


Watch our educational content, quiz creation guides, and fun videos on Sporcle TV.

Show Comments

Extras

Top Quizzes Today


Score Distribution

Your Account Isn't Verified!

In order to create a playlist on Sporcle, you need to verify the email address you used during registration. Go to your Sporcle Settings to finish the process.

Report this User

Report this user for behavior that violates our Community Guidelines.

Details: